000 00713nam a2200265Ia 4500
005 20260306164521.0
008 008 260114s9999 xx 000 0 eng d
020 _a9780191743986
037 _aEBOOK
040 _aCRL
040 _beng
040 _cCRL
041 _2eng
041 _aeng
084 _qCRL
100 _aJayson L. Lusk, Jutta Roosen, Jason F. Shogren
_91130954
245 4 _aThe Oxford Handbook Of The Economics Of Food Consumption And Policy
260 _bOxford University Press
260 _c2012
650 _aBusiness Economics & Finance
856 _uhttps://academic.oup.com/edited-volume/38577
942 _cEBOOK
999 _c1714359
_d1714359